| 000 | 00509nam a22002051 4500 | ||
|---|---|---|---|
| 001 | 2642202 | ||
| 005 | 20180308045415.0 | ||
| 008 | 731212s1967 ilua b 000 0 eng | ||
| 010 | _a 66018937 | ||
| 040 |
_aDLC _cDLC _dDLC |
||
| 041 | _aeng | ||
| 080 | _a618.1907572 WOL | ||
| 082 | 0 | 0 | _a618.1907572 WOL |
| 100 | 1 | _a6 | |
| 101 | _aRAD | ||
| 245 | 1 | 0 |
_aMammography, _cby John N. Wolfe. |
| 504 | _aBibliography: p. 151-154. | ||
| 906 |
_a7 _bcbc _corignew _du _eocip _f19 _gy-gencatlg |
||
| 942 |
_2ddc _cBK |
||
| 999 |
_c44434 _d44434 |
||